Регионална библиотека "Любен Каравелов" - Русе

Нощта, в която заседнахме в приказка (Запис номер 516349)

MARC детайли
000 -Лидер
Лидер 01115nam a2200277 a 4500
003 - Код на организацията, давaща контролен номер
Код на организацията, даваща контролен номер BLK
005 - Дата и час на последна редакция
Дата и час на последна редакция 20250725125859.0
008 - Елементи от данни с фиксирана дължина
Елементи с фиксирана дължина 230890b bul|||||r ||||||| ||bul||
020 ## - Международен стандартен номер на книга ISBN
ISBN 9789542623618
040 ## - Източник на каталожния запис
Код на библиотеката BLK
041 ## - Код за език
Език Български
Език за КДБФ Български
080 ## - УДК
УДК текст Английска литература
УДК код 821.111
УДК – определител -93-312.9
УДК – код + определител 821.111-93-312.9
9 (RLIN) 226869
084 ## - Класификационен индекс по друга класификация
Авторски знак Мило - М 61
100 ## - Редна дума - Автор
Автор Милър, Бен
R(LIN) 488609
245 10 - Сведения за заглавието
Заглавие Нощта, в която заседнахме в приказка
Подзаглавни данни роман
Авторска отговорност Бен Милър ; прев. от англ. Диляна Георгиева.
260 ## - Област на издателските данни
Място на издаване Пловдив
Име на издателя Хермес
Година на издаване 2024
Печатница Костинброд : Мултипринт
300 ## - Физическа характеристика
Брой страници 215 с.
Илюстрации с ил.
Размер 20 см
380 ## - Жанр
Жанр Детска худож. лит.
500 ## - Общи забележки
Обща забележка Ориг. загл.: The night we got stuck in a story/Ben Miller
700 ## - Други автори (авторска отговорност)
Друг автор Георгиева, Диляна Георгиева
9 (RLIN) 299998
852 ## - Местоположение
Отдел Заемна - подръчен фонд
Систематично-азбучна сигнатура 821-93/М 61 Б
852 ## - Местоположение
Сигнатура (форматна) Цб 324482
Отдел Хранилище
942 ## - АРТИКУЛИ
Вид на библиотечния документ Книги
Скрит в OPAC Не
Периодичен библиозапис Да
Koha issues (borrowed), all copies 4
944 ## - СЪЗДАВАНЕ И РЕДАКЦИЯ на ЗАПИСА
Дата на регистрацията/редакция Севдалина Тодорова
Служител, извършил регистрацията/редакцията 30531
Номер на служител Цветелина Шанова
999 ## - СИСТЕМНИ КОНТРОЛНИ НОМЕРА
Koha biblionumber 516349
Koha biblioitemnumber 516349
Наличности
Код за отписване Код за изгубен артикул Източник на класификационната схема Код за повреда Код за отдаване Артикулен № Име на библиотеката - собственик Име на библиотеката, в която се намира в момента Статус (Текущо местоположение) Дата на вписване в системата Местоположение - отдел Цена в лева Инвентарен номер Систематично азбучна сигнатура Баркод Цена в евро Служебен тип на артикула Коз за рестрикции
  Не е изгубен Universal Decimal Classification Не е повреден заемане за дома 948129 Регионална библиотека "Любен Каравелов" Русе Регионална библиотека "Любен Каравелов" Русе Детски отдел 2024-09-04 Детски отдел 11.17 120000911465 821-93/М 61 Б 120000911465 5.71 Книги  
  Не е изгубен Universal Decimal Classification Не е повреден заемане за дома 948130 Регионална библиотека "Любен Каравелов" Русе Регионална библиотека "Любен Каравелов" Русе Детски отдел 2024-09-04 Детски отдел 11.17 120000911466 821-93/М 61 Б 120000911466 5.71 Книги  
  Не е изгубен Universal Decimal Classification Не е повреден ползва се в читалня 949220 Регионална библиотека "Любен Каравелов" Русе Регионална библиотека "Любен Каравелов" Русе Хранилище 2024-09-18 Хранилище 15.95 120000912590 Цб 324482 120000912590 8.16 Книги само за читалня
Vip Innovations Ltd, Rousse, Bulgaria 2025